ბათუმის შოთა რუსთაველის სახელმწიფო უნივერსიტეტის ბიბლიოთეკა

ტოპოგრაფიული ანატომია და ოპერაციული ქირურგია (ბიბ.ჩანაწერი № 49298)

000 -LEADER
fixed length control field 01020nam a2200265Ia 4500
001 - CONTROL NUMBER
control field 16214
003 - CONTROL NUMBER IDENTIFIER
control field GE_BSU
008 - FIXED-LENGTH DATA ELEMENTS--GENERAL INFORMATION
fixed length control field 181216s||||||||xx |||||||||||||| ||und||
020 ## - INTERNATIONAL STANDARD BOOK NUMBER
International Standard Book Number 9789941450358
040 ## - CATALOGING SOURCE
Transcribing agency GE_BSU
080 ## - UNIVERSAL DECIMAL CLASSIFICATION NUMBER
Universal Decimal Classification number 611.9(075.8)+ 617-089(075.8)
100 ## - MAIN ENTRY--PERSONAL NAME
Personal name თოიძე. შ, ლ.კიკალიშვილი,ე.ყიფიანი,დ.კორძაია
245 ## - TITLE STATEMENT
Title ტოპოგრაფიული ანატომია და ოპერაციული ქირურგია
245 ## - TITLE STATEMENT
Remainder of title სახელმძღვ.
245 ## - TITLE STATEMENT
Statement of responsibility, etc. რედ:ნ.ჯავახიშვილი
260 ## - PUBLICATION, DISTRIBUTION, ETC.
Place of publication, distribution, etc. თბილისი
260 ## - PUBLICATION, DISTRIBUTION, ETC.
Name of publisher, distributor, etc. გ.გ
260 ## - PUBLICATION, DISTRIBUTION, ETC.
Date of publication, distribution, etc. 2014
300 ## - PHYSICAL DESCRIPTION
Extent 509გვ;ილ,29სმ,
300 ## - PHYSICAL DESCRIPTION
Other physical details ბიბლიოგრ.: გვ. 508
653 ## - INDEX TERM--UNCONTROLLED
Uncontrolled term მედიცინა
653 ## - INDEX TERM--UNCONTROLLED
Uncontrolled term ტოპოგრაფიული ანატომია; ოპერაციული ქირურგია
942 ## - ADDED ENTRY ELEMENTS (KOHA)
Koha item type წიგნი
ეგზემპლარები
Withdrawn status Lost status Damaged status Not for loan Date acquired Barcode Date last seen Price effective from Koha item type
        2018-12-17 39884 2018-12-17 2018-12-17 წიგნი
        2018-12-17 39885 2018-12-17 2018-12-17 წიგნი
        2018-12-17 39886 2018-12-17 2018-12-17 წიგნი
        2018-12-17 39887 2018-12-17 2018-12-17 წიგნი
        2018-12-17 39888 2018-12-17 2018-12-17 წიგნი
        2018-12-17 39889 2018-12-17 2018-12-17 წიგნი
        2018-12-17 39890 2018-12-17 2018-12-17 წიგნი
        2018-12-17 39891 2018-12-17 2018-12-17 წიგნი